Chứng viêm mũi, họng và xử trí
Nội dung sách gồm những kiến thức phổ biến nhất về bệnh viêm mũi, viêm họng, dễ đọc, dễ hiểu dùnh cho mọi đối tượng muốn tham khảo về các biện pháp phòng trị bệnh của mình.
محفوظ في:
| المؤلف الرئيسي: | |
|---|---|
| التنسيق: | كتاب |
| اللغة: | Undetermined |
| منشور في: |
Hà Nội
Y học
2010
|
| الموضوعات: | |
| الوسوم: |
إضافة وسم
لا توجد وسوم, كن أول من يضع وسما على هذه التسجيلة!
|
| Thư viện lưu trữ: | Trung tâm Học liệu Trường Đại học Cần Thơ |
|---|
| LEADER | 00896nam a2200217Ia 4500 | ||
|---|---|---|---|
| 001 | CTU_160866 | ||
| 008 | 210402s9999 xx 000 0 und d | ||
| 020 | |c 16000 | ||
| 082 | |a 616.21 | ||
| 082 | |b D513 | ||
| 100 | |a Nguyễn, Tiến Dũng | ||
| 245 | 0 | |a Chứng viêm mũi, họng và xử trí | |
| 245 | 0 | |c Nguyễn Tiến Dũng | |
| 260 | |a Hà Nội | ||
| 260 | |b Y học | ||
| 260 | |c 2010 | ||
| 520 | |a Nội dung sách gồm những kiến thức phổ biến nhất về bệnh viêm mũi, viêm họng, dễ đọc, dễ hiểu dùnh cho mọi đối tượng muốn tham khảo về các biện pháp phòng trị bệnh của mình. | ||
| 650 | |a Respiratory organs,Cơ quan hô hấp | ||
| 650 | |x Diseases,Bệnh | ||
| 904 | |i Thao, Hải | ||
| 980 | |a Trung tâm Học liệu Trường Đại học Cần Thơ | ||